Foundations in strategic management /

This book is about: The strategic management process; The external environment; The internal environment and strategic direction; Business strategy; Corporate strategy; Strategy implementation; Strategic control and restructuring; and Strategic challenges for the twenty-first century.

Guardat en:
Dades bibliogràfiques
Autor principal: Harrison, Jeffrey S.
Altres autors: John, Caron H. St.
Format: Llibre
Idioma:English
Publicat: Cincinnati, Ohio : South-Western College, 1998.
Matèries:
Etiquetes: Afegir etiqueta
Sense etiquetes, Sigues el primer a etiquetar aquest registre!
Thư viện lưu trữ: Mạng thư viện Đại học Đà Nẵng
LEADER 01231cam a2200361 i 4500
001 000049348
003 9093
005 20051111143219.0
008 010321b1998 vm 000 eng
020 |a 0538878444 
040 |a IRC  |c IRC  |d IRC 
041 0 |a eng 
082 1 4 |a 658.4012  |b HA-J 
100 1 |a Harrison, Jeffrey S. 
245 0 0 |a Foundations in strategic management /  |c Jeffrey S. Harrison, Caron H. St. John. 
260 |a Cincinnati, Ohio :  |b South-Western College,  |c 1998. 
300 |a xi, 173 p. :  |b ill. ;  |c 25.5cm. 
520 3 |a This book is about: The strategic management process; The external environment; The internal environment and strategic direction; Business strategy; Corporate strategy; Strategy implementation; Strategic control and restructuring; and Strategic challenges for the twenty-first century. 
630 0 4 |a Business. 
630 0 4 |a Management. 
630 0 4 |a Strategic planning. 
650 0 4 |a Strategic planning. 
700 1 |a John, Caron H. St. 
OWN |a DUT 
999 |a From the UDN01 
TYP |a Monograph 
TYP |a Printed language 
980 |a Mạng thư viện Đại học Đà Nẵng